KOHA-Header-6

User's Guide Microsoft MS - DOS 6 (Record no. 10994)

000 -LEADER
fixed length control field 00284nam a2200109Ia 4500
100 ## - MAIN ENTRY--AUTHOR NAME
Personal name Microsoft Corporation
245 #0 - TITLE STATEMENT
Title User's Guide Microsoft MS - DOS 6
260 ## - PUBLICATION, DISTRIBUTION, ETC. (IMPRINT)
Place of publication New Delhi
Name of publisher Bantam Books
Year of publication 2002
300 ## - PHYSICAL DESCRIPTION
Number of Pages 592
942 ## - ADDED ENTRY ELEMENTS (KOHA)
Koha item type Books

No items available.

Powered by Koha